000 00418nam a2200145 4500
001 106919
003 ES-MaACL
005 20230906184315.0
007 t|
008 061121s1918 sp r ||||1| spa d
100 1 _aMora y Torres, Juan Ramón.
_982897
245 1 4 _aLos aliados ante España y el conflicto europeo /
_cJuan Ramón Mora y Torres.
260 _aMadrid :
_b[s.n.],
_c1918.
852 _aES-MaACL
_j1488-F-8
999 _c106919
_d106919